[Event "Petroupoli ASOP Dias op"]
[Site "Petroupoli"]
[Date "2014.03.19"]
[Round "4.7"]
[White "Kondopoulos, Dimitrios"]
[Black "Alexiadis, Hristos"]
[Result "1-0"]
[WhiteElo "1986"]
[BlackElo "2050"]
[PlyCount "87"]
[EventDate "2014.02.26"]
[EventType "swiss"]
[EventRounds "7"]
[EventCountry "GRE"]
[SourceTitle "EXT 2024"]
[Source "ChessBase"]
[SourceDate "2023.10.10"]
[SourceVersion "1"]
[SourceVersionDate "2023.10.10"]
[SourceQuality "1"]

1. e4 c5 2. Nf3 Nc6 3. d4 cxd4 4. Nxd4 e5 5. Nf3 Nf6 6. Bc4 Bb4+ 7. c3 Be7 8. 0-0 0-0 9. Qe2 h6 10. Rd1 d6 11. Nbd2 Na5 12. Bb5 a6 13. Ba4 Be6 14. Bb3 Nxb3 15. axb3 Qb6 16. b4 Rac8 17. Ne1 d5 18. exd5 Nxd5 19. Qxe5 Bd6 20. Qe4 Rfe8 21. Nef3 Nf4 22. Ra5 Bh3 23. Nc4 Qa7 24. Qxe8+ Rxe8 25. Nxd6 Re2 26. Nd4 Nd3 27. gxh3 Nxc1 28. Rxc1 Rxb2 29. Rc5 b6 30. Rc8+ Kh7 31. Re1 b5 32. Ree8 Qd7 33. Rh8+ Kg6 34. N6f5 Rb1+ 35. Kg2 Qd5+ 36. Nf3 Qd1 37. Ng3 f6 38. h4 h5 39. Rxh5 Rb2 40. Rhh8 Rd2 41. h5+ Kf7 42. Rhf8+ Ke6 43. Rce8+ Kd5 44. Nxd2 1-0

[Event "Nikaia op 21st"]
[Site "Nikaia"]
[Date "2013.09.01"]
[Round "8"]
[White "Delithanasis, Dimitrios"]
[Black "Kondopoulos, Dimitrios"]
[Result "1-0"]
[WhiteElo "2114"]
[BlackElo "2064"]
[PlyCount "49"]
[EventDate "2013.08.26"]
[EventType "swiss"]
[EventRounds "9"]
[EventCountry "GRE"]
[SourceTitle "CBM 156 Extra"]
[Source "ChessBase"]
[SourceDate "2013.10.22"]
[SourceVersion "1"]
[SourceVersionDate "2013.10.22"]
[SourceQuality "1"]

1. d4 d5 2. c4 c6 3. Nf3 Nf6 4. Nc3 e6 5. Bg5 h6 6. Bh4 g5 7. Bg3 dxc4 8. h4 g4 9. Ne5 b5 10. e3 h5 11. Be2 Bh6 12. Qc2 Bb7 13. 0-0 0-0 14. Rad1 Qe7 15. e4 Na6 16. Kh2 Nb4 17. Qb1 c5 18. dxc5 Qxc5 19. f3 Nc6 20. Nxc6 Bxc6 21. e5 gxf3 22. gxf3 b4 23. exf6 bxc3 24. bxc3 Rab8 25. Bxb8 1-0

[Event "Krakow Malopolski-chA"]
[Site "Krakow"]
[Date "2013.05.05"]
[Round "9"]
[White "Kondopoulos, Dimitrios"]
[Black "Barski, Radoslaw"]
[Result "1-0"]
[WhiteElo "2031"]
[BlackElo "2238"]
[PlyCount "79"]
[EventDate "2013.04.28"]
[EventType "swiss"]
[EventRounds "9"]
[EventCountry "POL"]
[SourceTitle "EXT 2014"]
[Source "ChessBase"]
[SourceDate "2013.11.20"]
[SourceVersion "1"]
[SourceVersionDate "2013.11.20"]
[SourceQuality "1"]

1. e4 c5 2. Nf3 e6 3. d4 cxd4 4. Nxd4 Nc6 5. Nc3 Qc7 6. Be3 a6 7. f4 b5 8. Qf3 Bb7 9. Bd3 Nf6 10. 0-0-0 Rc8 11. Kb1 Na5 12. g4 Nc4 13. Bc1 d6 14. g5 Nd7 15. Qh3 Qb6 16. Nce2 g6 17. Rhf1 Bg7 18. Nxe6 fxe6 19. Qxe6+ Kd8 20. Bxc4 Re8 21. Qh3 Rxc4 22. e5 d5 23. Qxh7 Bf8 24. b3 Rc7 25. Qh3 Bc5 26. Bb2 Qe6 27. Qxe6 Rxe6 28. h4 Re8 29. Ng3 Be7 30. h5 gxh5 31. Nxh5 Rh8 32. g6 Ke8 33. Ng7+ Kd8 34. Ne6+ Kc8 35. Nxc7 Kxc7 36. f5 Rg8 37. f6 Rxg6 38. fxe7 Re6 39. Rf7 Kc6 40. Rdf1 1-0

[Event "Krakow Malopolski-chA"]
[Site "Krakow"]
[Date "2013.05.04"]
[Round "8"]
[White "Kondopoulos, Dimitrios"]
[Black "Watorek, Marcin"]
[Result "1-0"]
[WhiteElo "2031"]
[BlackElo "2109"]
[PlyCount "135"]
[EventDate "2013.04.28"]
[EventType "swiss"]
[EventRounds "9"]
[EventCountry "POL"]
[SourceTitle "CBM 154 Extra"]
[Source "ChessBase"]
[SourceDate "2013.06.25"]
[SourceVersion "2"]
[SourceVersionDate "2013.06.25"]
[SourceQuality "1"]

1. e4 c5 2. Nf3 d6 3. d4 cxd4 4. Nxd4 Nf6 5. Nc3 Nc6 6. Bg5 e6 7. Qd2 a6 8. 0-0-0 Bd7 9. f4 b5 10. Bxf6 gxf6 11. f5 Nxd4 12. Qxd4 Bh6+ 13. Kb1 Bf4 14. fxe6 fxe6 15. Be2 Rc8 16. Bh5+ Ke7 17. Ne2 Be5 18. Qe3 Rc4 19. Rhf1 Qg8 20. b3 Rc5 21. h4 Qc8 22. Rd2 Rg8 23. g4 Rg7 24. Nc1 Rc3 25. Nd3 Rxd3 26. Rxd3 b4 27. Qh6 Qg8 28. g5 fxg5 29. Rdf3 Be8 30. hxg5 Bg6 31. Rf6 Bxe4 32. Rf7+ Qxf7 33. Rxf7+ Rxf7 34. Bxf7 Kxf7 35. Qh5+ Kg7 36. Qh6+ Kf7 37. Kc1 Bf4+ 38. Kd1 Bg6 39. Qh4 e5 40. Qg4 Ke7 41. Qh4 Ke6 42. Qh3+ Bf5 43. Qh6+ Bg6 44. Ke2 Kd7 45. Qf8 Bxg5 46. Qg8 Kc6 47. Qc8+ Kb6 48. Qb8+ Kc6 49. Qxb4 Bd8 50. Qc4+ Kb6 51. a4 Bc7 52. a5+ Kb7 53. Qd5+ Ka7 54. b4 Be8 55. c4 h5 56. Kd3 Bd7 57. Kc3 Bc8 58. Qf7 Kb8 59. Qe7 Bb7 60. Qe8+ Ka7 61. Kd2 e4 62. Ke3 Ba8 63. Qc8 Bb8 64. b5 Bb7 65. b6+ Ka8 66. Qe8 d5 67. c5 d4+ 68. Kxd4 1-0

[Event "Krakow Malopolski-chA"]
[Site "Krakow"]
[Date "2013.04.28"]
[Round "1"]
[White "Tokarski, Lukasz"]
[Black "Kondopoulos, Dimitrios"]
[Result "1-0"]
[WhiteElo "2270"]
[BlackElo "2031"]
[PlyCount "67"]
[EventDate "2013.04.28"]
[EventType "swiss"]
[EventRounds "9"]
[EventCountry "POL"]
[SourceTitle "CBM 154 Extra"]
[Source "ChessBase"]
[SourceDate "2013.06.25"]
[SourceVersion "2"]
[SourceVersionDate "2013.06.25"]
[SourceQuality "1"]

1. e4 c5 2. Nf3 e6 3. d4 cxd4 4. Nxd4 Nc6 5. Nc3 Qc7 6. Be3 a6 7. Be2 Nf6 8. 0-0 b5 9. a3 Bb7 10. f4 Na5 11. Qd3 Rc8 12. Rad1 Nc4 13. Bc1 e5 14. fxe5 Nxe5 15. Qg3 Nxe4 16. Nxe4 Bxe4 17. Bf4 d6 18. Rfe1 Bg6 19. Nxb5 Qb8 20. Nc3 f6 21. Bg4 Rc7 22. Nd5 Rxc2 23. Rc1 Be7 24. Rxc2 Bxc2 25. Qc3 Bb3 26. Be6 Bxd5 27. Bxd5 Bd8 28. Kh1 Ke7 29. Qh3 Qc7 30. Qe6+ Kf8 31. Bb3 g5 32. Bxe5 dxe5 33. Rd1 Kg7 34. Rd7+ 1-0

[Event "Petroupoli Master Division "]
[Site "Petroupoli"]
[Date "2012.11.07"]
[Round "1.10"]
[White "Ignatiadis, Konstantinos"]
[Black "Kondopoulos, Dimitrios"]
[Result "1-0"]
[WhiteElo "2129"]
[BlackElo "2026"]
[PlyCount "43"]
[EventDate "2012.11.07"]
[EventType "swiss"]
[EventRounds "7"]
[EventCountry "GRE"]
[SourceTitle "EXT 2024"]
[Source "ChessBase"]
[SourceDate "2023.10.10"]
[SourceVersion "1"]
[SourceVersionDate "2023.10.10"]
[SourceQuality "1"]

1. d4 d5 2. Bf4 c5 3. e4 Qb6 4. Nc3 e6 5. Nb5 Na6 6. exd5 Nf6 7. d6 cxd4 8. Nf3 Nh5 9. Be5 Qa5+ 10. c3 dxc3 11. Bxc3 Qb6 12. Qd2 Nf6 13. Ne5 Bd7 14. Nxd7 Kxd7 15. Nc7 Nxc7 16. dxc7+ Ke8 17. Ba5 Qd6 18. Bb5+ Nd7 19. Qxd6 Bxd6 20. 0-0-0 Ke7 21. Rxd6 Kxd6 22. Rd1+ 1-0

[Event "Nikaia op-A 20th"]
[Site "Nikea"]
[Date "2012.09.02"]
[Round "9.15"]
[White "Drakoulakos, Grigorios"]
[Black "Kondopoulos, Dimitrios"]
[Result "1-0"]
[WhiteElo "1775"]
[BlackElo "2022"]
[PlyCount "85"]
[EventDate "2012.08.26"]
[EventType "swiss"]
[EventRounds "9"]
[EventCountry "GRE"]
[SourceTitle "EXT 2024"]
[Source "ChessBase"]
[SourceDate "2023.10.10"]
[SourceVersion "1"]
[SourceVersionDate "2023.10.10"]
[SourceQuality "1"]

1. e4 e5 2. Nf3 Nc6 3. Bb5 Nf6 4. 0-0 Be7 5. d3 d6 6. c3 0-0 7. Nbd2 h6 8. Re1 Nh7 9. Nf1 Bg5 10. Nxg5 Nxg5 11. Ng3 Qf6 12. Be3 Nd8 13. Ba4 Nde6 14. Bc2 g6 15. f3 h5 16. Ne2 h4 17. Rf1 h3 18. f4 hxg2 19. Kxg2 Nh3 20. Qd2 Qh4 21. fxe5 dxe5 22. Rf3 Nhg5 23. Rg3 Nh7 24. Kh1 g5 25. Bb3 f6 26. Rag1 Kg7 27. Rg4 Qh6 28. Ng3 Nf4 29. Nf5+ Bxf5 30. exf5 Nh3 31. R1g3 Kh8 32. Qg2 Nf4 33. Qxb7 Rad8 34. d4 exd4 35. Bxd4 Rfe8 36. Rg1 Qh3 37. Bc4 Re7 38. Rxg5 Nxg5 39. Bxf6+ Kh7 40. Bxg5 Rb8 41. Bxe7 Rxb7 42. Bg8+ Kh6 43. Bf8+ 1-0

[Event "Nikaia op-A 20th"]
[Site "Nikea"]
[Date "2012.08.31"]
[Round "7.1"]
[White "Nikolaidis, Ioannis"]
[Black "Kondopoulos, Dimitrios"]
[Result "1-0"]
[WhiteElo "2562"]
[BlackElo "2022"]
[PlyCount "43"]
[EventDate "2012.08.26"]
[EventType "swiss"]
[EventRounds "9"]
[EventCountry "GRE"]
[SourceTitle "EXT 2024"]
[Source "ChessBase"]
[SourceDate "2023.10.10"]
[SourceVersion "1"]
[SourceVersionDate "2023.10.10"]
[SourceQuality "1"]

1. c4 c6 2. e4 d5 3. exd5 cxd5 4. Nf3 g6 5. cxd5 Bg7 6. Bc4 Nf6 7. Nc3 0-0 8. 0-0 Nbd7 9. d3 a6 10. a4 b6 11. Re1 Ra7 12. Qe2 Re8 13. Nd4 Bb7 14. Nc6 Bxc6 15. dxc6 Nb8 16. Bf4 e5 17. Bxe5 Qc8 18. Qf3 Rae7 19. Ne4 Qxc6 20. Bxf6 Bxf6 21. Bd5 Qd6 22. Bxf7+ 1-0

[Event "Fysiolatriko op 10th"]
[Site "Renti"]
[Date "2012.06.16"]
[Round "4.2"]
[White "Zygouris, Hristos"]
[Black "Kondopoulos, Dimitrios"]
[Result "1-0"]
[WhiteElo "2209"]
[BlackElo "2035"]
[PlyCount "81"]
[EventDate "2012.06.14"]
[EventType "swiss"]
[EventRounds "8"]
[EventCountry "GRE"]
[SourceTitle "EXT 2024"]
[Source "ChessBase"]
[SourceDate "2023.10.10"]
[SourceVersion "1"]
[SourceVersionDate "2023.10.10"]
[SourceQuality "1"]

1. c4 c6 2. g3 d5 3. Nf3 Nf6 4. Bg2 g6 5. b3 Bg7 6. Bb2 Qb6 7. Qc1 dxc4 8. bxc4 Ng4 9. d4 c5 10. 0-0 Nc6 11. h3 Nh6 12. e3 0-0 13. Nc3 cxd4 14. Nd5 Qd8 15. Nxd4 Nxd4 16. Bxd4 Bxd4 17. exd4 Nf5 18. Rd1 e6 19. Nc3 Re8 20. d5 e5 21. c5 Rb8 22. Qa3 a6 23. Ne4 Kg7 24. Qc3 Nd4 25. Rxd4 exd4 26. Qxd4+ f6 27. g4 h6 28. f4 g5 29. fxg5 hxg5 30. Rf1 Re5 31. d6 Bd7 32. Nxf6 Qxf6 33. Rxf6 Kxf6 34. h4 Ke6 35. Bf1 Re8 36. Bc4+ Kf6 37. Qf2+ Bf5 38. gxf5 g4 39. Be6 Rh8 40. Qd4 Rd8 41. Kf2 1-0

[Event "Fagernes Norsk op"]
[Site "Fagernes"]
[Date "2012.04.30"]
[Round "3"]
[White "Kondopoulos, Dimitrios"]
[Black "Rozentalis, Eduardas"]
[Result "0-1"]
[WhiteElo "2023"]
[BlackElo "2601"]
[PlyCount "76"]
[EventDate "2012.04.28"]
[EventType "swiss"]
[EventRounds "9"]
[EventCountry "NOR"]
[SourceTitle "CBM 148 Extra"]
[Source "ChessBase"]
[SourceDate "2012.06.22"]
[SourceVersion "1"]
[SourceVersionDate "2012.06.22"]
[SourceQuality "1"]

1. e4 Nf6 2. e5 Nd5 3. g3 d6 4. exd6 cxd6 5. Bg2 Nf6 6. d4 g6 7. h3 Bg7 8. Nc3 0-0 9. Nge2 Nc6 10. 0-0 a6 11. Be3 d5 12. Nf4 e6 13. Re1 b5 14. Qd3 Qc7 15. Qe2 b4 16. Nb1 a5 17. Nd2 Ba6 18. Qd1 Rab8 19. Nf3 Ne4 20. h4 Rfc8 21. Nh3 Ne7 22. Bf4 Nd6 23. h5 Rb6 24. Rc1 Rc6 25. Nhg5 Nef5 26. g4 Nh6 27. Nxh7 Kxh7 28. Ng5+ Kg8 29. hxg6 Qd7 30. gxf7+ Ndxf7 31. Re3 Nxg5 32. Bxg5 Nf7 33. Bf4 Qa7 34. c3 Qxd4 35. cxd4 Rxc1 36. Qxc1 Rxc1+ 37. Kh2 Rc6 38. Kg3 Bxd4 0-1

[Event "Nikaia op 19th"]
[Site "Nikaia"]
[Date "2011.09.01"]
[Round "8"]
[White "Kondopoulos, Dimitrios"]
[Black "Koerant, Filipos"]
[Result "1-0"]
[WhiteElo "2045"]
[BlackElo "2103"]
[PlyCount "89"]
[EventDate "2011.08.26"]
[EventType "swiss"]
[EventRounds "9"]
[EventCountry "GRE"]
[SourceTitle "CBM 144 Extra"]
[Source "ChessBase"]
[SourceDate "2011.10.28"]
[SourceVersion "1"]
[SourceVersionDate "2011.10.28"]
[SourceQuality "1"]

1. e4 c5 2. Nf3 a6 3. d4 cxd4 4. Nxd4 Nf6 5. Nc3 e5 6. Nf5 d5 7. Bg5 Bxf5 8. exf5 Bb4 9. Bxf6 gxf6 10. a3 Bxc3+ 11. bxc3 Qa5 12. Qd2 Nc6 13. Bd3 d4 14. cxd4 Qxd2+ 15. Kxd2 Nxd4 16. Rhb1 0-0 17. c3 Nc6 18. Rxb7 Rfd8 19. Ke3 Rac8 20. Rc1 e4 21. Kxe4 Re8+ 22. Kf4 Ne5 23. Bf1 Rcd8 24. Rc2 Nd7 25. f3 Nc5 26. Ra7 Re5 27. Bxa6 Rdd5 28. g4 Nd3+ 29. Bxd3 Rxd3 30. Rc7 Ree3 31. Rf2 Kg7 32. a4 h6 33. Rc5 Re1 34. a5 Re7 35. h4 Rd1 36. Rc6 Ra1 37. g5 hxg5+ 38. hxg5 fxg5+ 39. Kxg5 Rxa5 40. Kf4 Ra4+ 41. c4 Rd7 42. Rg2+ Kh7 43. Ke5 Ra3 44. Kf6 Rxf3 45. Rh2+ 1-0

[Event "EU-ch 12th"]
[Site "Aix les Bains"]
[Date "2011.03.31"]
[Round "9"]
[White "Kondopoulos, Dimitrios"]
[Black "Schrader, Edmond"]
[Result "1-0"]
[WhiteElo "2060"]
[BlackElo "1757"]
[PlyCount "36"]
[EventDate "2011.03.22"]
[EventType "swiss"]
[EventRounds "11"]
[EventCountry "FRA"]
[SourceTitle "CBM 142 Extra"]
[Source "ChessBase"]
[SourceDate "2011.06.27"]
[SourceVersion "1"]
[SourceVersionDate "2011.06.27"]
[SourceQuality "1"]

1. e4 e5 2. Nf3 Nc6 3. Bb5 Nf6 4. 0-0 Bc5 5. Nxe5 Nxe5 6. d4 a6 7. dxe5 axb5 8. exf6 Qxf6 9. Nc3 c6 10. Qd3 0-0 11. Ne2 Re8 12. Kh1 d5 13. Ng3 Ra4 14. f3 Bd6 15. exd5 Rh4 16. Kg1 Bc5+ 17. Rf2 Re1+ 18. Nf1 Rd4 1-0

[Event "Athens op"]
[Site "Athens"]
[Date "2010.10.05"]
[Round "3"]
[White "Kondopoulos, Dimitrios"]
[Black "Mitrandzas, Athanasios"]
[Result "0-1"]
[WhiteElo "2030"]
[BlackElo "2089"]
[PlyCount "50"]
[EventDate "2010.09.21"]
[EventType "swiss"]
[EventRounds "7"]
[EventCountry "GRE"]
[SourceTitle "EXT 2012"]
[Source "ChessBase"]
[SourceDate "2011.11.24"]
[SourceVersion "1"]
[SourceVersionDate "2011.11.24"]
[SourceQuality "1"]

1. g3 c5 2. Bg2 g6 3. Nf3 Nc6 4. c4 Bg7 5. Nc3 e6 6. d3 Nge7 7. h4 h5 8. Bg5 d5 9. Nd2 f6 10. cxd5 Nxd5 11. Nxd5 exd5 12. Be3 d4 13. Bf4 g5 14. hxg5 fxg5 15. Bxg5 Qxg5 16. Ne4 Qg6 17. Nxc5 h4 18. Be4 Qd6 19. Rc1 hxg3 20. Rxh8+ Bxh8 21. fxg3 Qxg3+ 22. Kd2 Qg5+ 23. Ke1 Be5 24. Bxc6+ bxc6 25. e3 Qxe3+ 0-1

[Event "Ambelokipi op 107th"]
[Site "Athens"]
[Date "2010.09.22"]
[Round "4"]
[White "Kondopoulos, Dimitrios"]
[Black "Soukos, Konstantinos"]
[Result "0-1"]
[WhiteElo "2030"]
[BlackElo "2119"]
[PlyCount "70"]
[EventDate "2010.09.11"]
[EventType "swiss"]
[EventRounds "7"]
[EventCountry "GRE"]
[SourceTitle "EXT 2024"]
[Source "ChessBase"]
[SourceDate "2023.10.10"]
[SourceVersion "1"]
[SourceVersionDate "2023.10.10"]
[SourceQuality "1"]

1. c4 g6 2. Nc3 Bg7 3. g3 d6 4. Bg2 e5 5. e4 Nf6 6. Nge2 Nc6 7. 0-0 0-0 8. d3 Nd7 9. f4 f5 10. Be3 Nc5 11. Nd5 Ne6 12. Rb1 Ncd4 13. exf5 Nxf5 14. Bf2 c6 15. fxe5 cxd5 16. cxd5 Nc7 17. e6 b6 18. g4 Ne7 19. Qb3 Bb7 20. Bh4 h6 21. Rxf8+ Bxf8 22. Bf6 Qe8 23. Nc3 g5 24. Rf1 Ng6 25. Be4 Nf4 26. Qc4 Rc8 27. Qd4 Nb5 28. Qe3 Nxc3 29. Bxc3 Qe7 30. Bg6 Bg7 31. Bf7+ Kh8 32. Bxg7+ Kxg7 33. h4 Qf6 34. hxg5 hxg5 35. Rc1 Rxc1+ 0-1